| 000 | 00711nam a22001937a 4500 | ||
|---|---|---|---|
| 008 | 090713t xxu||||| |||| 00| 0 eng d | ||
| 082 |
_a932 _bEGY _222 |
||
| 110 | 1 |
_aBusiness Magazine & Multimedia. _98007 |
|
| 245 | 0 | 0 |
_aDiscover the Egyptian Museum _h[videorecording] / _cBusiness Magazine & Multimedia. |
| 260 |
_a[Egypt] : _bBusiness Magazine & Multimedia, [2000?] _c[2000?] |
||
| 300 |
_a1 videodisc : _bsd., col. ; _c4 3/4 in. |
||
| 610 |
_914222 _aEgyptian Museum |
||
| 650 | 0 |
_aEgypt _98009 _xAntiquities. |
|
| 650 | 0 |
_aEgypt _98010 _xCivilization. |
|
| 942 |
_2ddc _cCDVDDOC _hRDA-MOD |
||
| 999 |
_c12356 _d12356 |
||
| 336 |
_2rdacontent _atext _btxt |
||
| 337 |
_aunmediated _2rdamedia _bn |
||
| 338 |
_avolume _bnc _2rdacarrier |
||